000 00753nam a2200229Ii 4500
003 JO-AjNU
008 230605s9999||||xx |||||||||||||| ||und||
017 _a1987/2826
020 _a977-05-0540-4
040 _aJO-AjNU
_bara
_erda
_cJO-AjNU
041 _aara
050 1 4 _aLB1015 .S53 1987
100 3 _aشرقاوي ، أنور محمد ,
_eauthor
_937706
245 0 0 _aسيكولوجية التعليم : أبحاث و دراسات، ج2
250 _aط2
264 3 1 _aالقاهرة: مكتبة الأنجلو المصرية،1987
300 _aج2، 265ص
336 _atext
_btxt
_2rdacontent
337 _aunmediated
_bn
_2rdamedia
338 _avolume
_bnc
_2rdacarrier
650 4 _aالتعلم-علم النفس التربوي
_937707
999 _aA15779
_c19347
_d19347